Examining Drivers and Outcomes of Corporate Social Responsibility in Agri-Food Firms

Vplyv spoločenskej zodpovednosti podnikov na finančnú výkonnosť, imidž a reputáciu agropotravinárskych firiem. Orientácia na sociálne a environmentálne zodpovedné postupy a ich pozitívny vplyv na imidž, reputáciu a finančnú výkonnosť agropotravinárskych firiem.

Guardado en:
Detalles Bibliográficos
Autor principal: Martos-Pedrero, Antonio
Otros Autores: Jiménez-Castillo, David, Cortés-García, Francisco Joaquín
Formato: Capítulo de libro
Lenguaje:inglés
Materias:
Etiquetas: Agregar Etiqueta
Sin Etiquetas, Sea el primero en etiquetar este registro!

MARC

LEADER 00000naa a2200000 4500
001 0283335
005 20220426073552.3
041 0 |a eng 
044 |a CZ 
245 1 0 |a Examining Drivers and Outcomes of Corporate Social Responsibility in Agri-Food Firms  |c Antonio Martos-Pedrero, David Jiménez-Castillo, Francisco Joaquín Cortés-García 
520 |a Vplyv spoločenskej zodpovednosti podnikov na finančnú výkonnosť, imidž a reputáciu agropotravinárskych firiem. Orientácia na sociálne a environmentálne zodpovedné postupy a ich pozitívny vplyv na imidž, reputáciu a finančnú výkonnosť agropotravinárskych firiem. 
610 2 0 |a zodpovednosť podniku spoločenská 
610 2 0 |a agropotravinárstvo 
610 2 0 |a firmy 
610 2 0 |a výkonnosť podniku 
610 2 0 |a imidž 
100 1 |a Martos-Pedrero, Antonio 
700 1 |a Jiménez-Castillo, David 
700 1 |a Cortés-García, Francisco Joaquín